| 000 | 00746nam a2200217 a 4500 | ||
|---|---|---|---|
| 001 | 000028072 | ||
| 005 | 20200930031327.0 | ||
| 008 | 110406s2007 dr c 000 0 spa d | ||
| 020 | _a9945852280 | ||
| 040 |
_aDO-SdBNP _bspa _cBNPHU |
||
| 082 |
_axxxx _bG634 |
||
| 245 | 0 | 3 |
_aLa gomosis en la manzana de oro en (Spondias cytherea Sonnerat) en la República Dominicana / _cCándida Batista...[et al.]. |
| 260 |
_aSanto Domingo : _bIDIAF, _c2007. |
||
| 300 |
_a7 p. : _bretrs. ; _c22 cm. |
||
| 504 | _aBibliografía : p. 7 | ||
| 700 | 1 |
_aÁngeles, Rosendo _955094 |
|
| 700 | 1 |
_aMoya, Juan de Dios _91555 |
|
| 700 | 1 |
_aGarcía, Socorro _955095 |
|
| 710 | 1 |
_aInstituto Dominicano de Investigaciones Agropecuarias y Forestales _9299 |
|
| 049 | _aBNPD | ||
| 999 |
_c27564 _d27564 |
||